000 01869nam0a2200313 i 4500
001 RU\NLR\BIBL_A\011312577
005 20241115073109.0
010 _a9785917560601
_950
021 _aRU
_b2016-97288
_96452
035 _a(NLR Aleph) 011312577
090 _a11029351
_c11029351
100 _a20170119d2016 u y0rusy50 ca
101 0 _arus
102 _aRU
105 _ay|||j|||000yy
200 1 _aАксиология народной культуры
_e(на материале русской традиционной культуры)
_eучебное пособие
_e[для студентов вузов культуры и искусств, обучающихся по направлению подготовки 51.03.02 "Народная художественная культура", профиль подготовки "Теория и история народной художественной культуры"]
_fМ.К. Шемякина
_gДепартамент внутренней и кадровой политики Белгор. обл., Белгор. гос. ин-т искусств и культуры, Каф. теории и истории культуры
210 _aБелгород
_cИПК БГИИК
_d2016
215 _a77, [1] с.
_d21
320 _aБиблиогр. в конце частей
606 1 _aРусские
_jУчебные издания для высших учебных заведений
_xТрадиционная культура
_92296901
_3RU\NLR\AUTH\661375334
606 _aФилософия культуры
_92168050
_3RU\NLR\AUTH\6601541067
686 1 _aТ52(2=Р)я73
686 1 _aС550.2
686 1 _aЮ802.225
700 1 _aШемякина
_bМ. К.
_gМария Константиновна
942 _cBOOK
980 _aNBR